000 00429nam a2200181Ia 4500
003 0STCL
008 150530s9999 xx 000 0 und d
040 _aSTCL
_cSTCL
100 _aRoy, K.M.
245 _aPathu Laksham Bharyamarude Sapametta Keralam
250 _a1
260 _bD.C. book; Kottayam
_c2006
_aKottayam
300 _a0
546 _aMalayalam
942 _2ddc
_cBK
999 _c79722
_d79722
005 20220125171727.0